000 00942cam a22002777a 4500
001 15522000
003 OSt
005 20140310184423.0
008 081114s2008 nyu 000 0 eng
010 _a 2008300908
020 _a9780545034005 (pbk.)
020 _a0545034000
040 _aBTCTA
_cBTCTA
_dBAKER
_dOCO
_dUUC
_dOCLCQ
_dJED
_dDLC
050 0 0 _aPZ 7
_b.J27 2008
100 1 _aJames, Brian,
_d1976-
_926792
245 1 0 _aThief /
_cBrian James.
260 _aNew York :
_bPush/Scholastic Inc.,
_c2008.
300 _a247 p. ;
_c18 cm.
521 _aG9
526 _c1020
856 4 2 _3Publisher description
_uhttp://www.loc.gov/catdir/enhancements/fy1116/2008300908-d.html
906 _a7
_bcbc
_corignew
_d4
_encip
_f20
_gy-gencatlg
942 _2lcc
_cBK-SCHOLAS
999 _c34266
_d34266